000 00478nam a2200181Ia 4500
008 170705s9999 xx 000 0 und d
020 _a9780679817345
245 _aBaseball ballerina /
245 _cby Kathryn Cristaldi ; illustrated by Abby Carter.
260 _aNew York :
260 _bRandom House,
260 _c1992
300 _a48 pages :
300 _bcolor illustration ;
300 _c23cm.
440 _aStep into reading. A step 2 book.
500 _a270
999 _c337229
_d337229